000 00248nam a2200097Ia 4500
001 1178020
005 20250827012738.0
008 250824s9999 xx 000 0 und d
245 0 _aEVE DÖNÜŞ YOLU
_cCORRİNNE AVERİSS
260 _bKETEBE YAYINLARI
999 _c1178020
_d1178020